| 000 | 00725nam a2200241 4500 | ||
|---|---|---|---|
| 003 | OSt | ||
| 005 | 20260601193841.0 | ||
| 008 | 260422b19711974ag a|||| |||| 00| 0 spa d | ||
| 040 |
_aICI _bspa _cICI |
||
| 050 |
_aHM258 _bO24 1974 |
||
| 245 | 0 |
_aLos objetos / _cAbraham a. moles... y otros. ; traduccion directa del frances Silvia delpy |
|
| 250 | _a2 | ||
| 264 |
_bTiempo contemporáneo, _c1974 _aBuenos Aires : |
||
| 300 | _a205 páginas | ||
| 336 |
_atexto _2rdacontent |
||
| 337 |
_asin medio _2rdamedia |
||
| 338 |
_avolumen _2rdacarrier |
||
| 650 | _aSimbolismo en la comunicación | ||
| 650 |
_aComunicación _xAspectos sociales |
||
| 650 | _aInteracción social | ||
| 700 | 1 | _aMoles, Abraham A. | |
| 942 |
_2lcc _cB |
||
| 999 |
_c21430 _d21430 |
||